Statistics for Countries with the most nuclear power plants

Click here to take the quiz!

General Stats

  • This quiz has been taken 768 times
  • The average score is 9 of 10

Answer Stats

NumberMegaWattsAnswer% Correct
10099,081United States
98%
2015,977China
97%
5863,130France
97%
3323,643Russia
97%
169,243United Kingdom
94%
4842,388Japan
93%
215,308India
89%
1913,500Canada
87%
2320,721South Korea
76%
1513,107Ukraine
72%

Score Distribution

Percentile by Number Answered

Percent of People with Each Score

Your Score History

You have not taken this quiz